000 00891nam a2200241 a 4500
001 000006458
003 DO-SdBNP
005 20211124094743.0
008 090831s2000 dr ac 000 0 spa d
040 _aDO-SdBNP
_bspa
_cBNPHU
049 _aBNPD
082 _a306.42
_bL925p
100 1 _aLópez Reyes, Oscar
_9750
245 1 0 _aPerfil cultural de Barahona :
_bcostumbres, arte y literatura /
_cOscar López Reyes.
260 _aSanto Domingo :
_bPublicaciones del Banco Central,
_c2000.
300 _a215 p. :
_bil., retr. ;
_c24 cm.
500 _aIncluye datos biográficos del autor en las solapas
504 _aBibliografía : p. 211-215
650 4 _aBarahona, República Dominicana
_xVida intelectual
_917912
650 4 _aCiudades y pueblos
_9784
_zRepública Dominicana, Barahona
651 4 _aBarahona, República Dominicana
_xVida social y costumbres
_9782
942 _2ddc
_cLBS1
999 _c6251
_d6251